| 000 | 00477nmm a22001817a 4500 | ||
|---|---|---|---|
| 005 | 20181115101446.0 | ||
| 008 | 181115b xxu||||| |||| 00| 0 spa d | ||
| 041 | _aspa | ||
| 082 | _aTU 108 | ||
| 100 |
_aHernández Mena, Elena _927692 |
||
| 245 | _aDepartamento de restaurante y recepción del Hotel el Guarco | ||
| 260 | _c2017 | ||
| 650 |
_aCOSTA RICA _950736 |
||
| 650 |
_aHOTELES _91620 |
||
| 650 |
_aRECEPCIÓN _910371 |
||
| 650 |
_aRESTAURANTES _91700 |
||
| 942 | _cIP | ||
| 999 |
_c11343 _d11343 |
||